| 000 | 00598nam a22001817a 4500 | ||
|---|---|---|---|
| 999 |
_c181898 _d181898 |
||
| 005 | 20221017143354.0 | ||
| 010 | _aB-745986 | ||
| 020 |
_a9789353945305 _c799.00 |
||
| 037 | _bPearson | ||
| 100 | _aSinha, Nitish K. | ||
| 245 |
_aQuantitative Aptitude for CAT / _cby Nitish K. Sinha |
||
| 250 | _a5th | ||
| 260 |
_aNoida _bPearson _c2020 |
||
| 270 |
_a15th Floor, Tower-B, World Trade Tower, Plot No.1, Block-C, Sector-16 _bNoida _e201301 |
||
| 300 |
_avp.: _bill. _c25cm(pbk) |
||
| 942 |
_2ddc _cEN _mSIN _h510 |
||